000 02019cam a22004814i 4500
003 PE-LiUPU
005 20250731173155.0
008 150623s1991 mnu r 000 0 spa d
020 _a0881131385
020 _a9780881131383
035 _a(Sirsi) a28748
040 _aPE-LiUPU
_bspa
_cPE-LiUPU
_erda
049 _aPRUA
082 0 4 _a248.86
_bB12
_221
100 1 _aBackus, William,
_eautor.
245 1 0 _aAdiós a la ansiedad /
_cWillian Backus.
264 1 _aMinnesota :
_bBetania,
_c1991.
300 _a242 páginas ;
_c21 centímetros
336 _atext
_2rdacontent
337 _aunmediated
_2rdamedia
338 _avolume
_2rdacarrier
505 0 _aPadecemos todos de ansiedad -- El verdadero culable -- El clasicpo doble nudo. -los disfraces de la nsiedad -- Raices espirituales de la ansiedad -- Las dos personalidades -- Las verdaderas causas de la ansiedad -- Cuan libre quiere ser en realidad -- Lavados en el rio -- Exponerse abiertamente. rompa el circulo vicioso -- Explore sus creencias miticas -- Como llevar la verdad a su corazon -- Acepte la ansiedad -- Controle las fobias -- Agorafobia: miedo al panico -- Como dejar (casi totalmente) de preocuparse.
526 _aSEG42
526 _aSEG41
526 _aSEG40
526 _aSEG39
526 _aP94
526 _aP87
526 _aP86
526 _aP85
526 _aP77
526 _aP76
526 _aP35
650 1 4 _aAnsiedad
_xAspectos religiosos
_xCristianismo.
650 2 4 _aAnsiedad.
910 _adbm
_bncf
_cncf
_d20190529
942 _2ddc
_cBOOK
949 _a248.86 B12
_wDEWEY
_c1
_i38585
_lCCODEBUL1
_mBUL
_p00.00
_r0
_sY
_tBOOK
_u2015-06-24
_xBIBLIOTECA
_zUNKNOWN
_0COMPRA
_o.STAFF. Colección Teología
994 _aC0
_bPEPRU
596 _a1
999 _a248.86 B12
_wDEWEY
_c36030
_i38585
_d36030
_e2022-4-18
_f2021-11-12
_g3
_lCCODEBUL1
_mBUL
_n1
_p34.82
_r0
_sY
_tBOOK
_u2015-6-24
_xTEOLOGIA
_PP35
_0COMPRA
_o.STAFF. Colección Teología
980 _81
_gALBERTO SANCHEZ Responsable de Automatización